|
|
|
|
| LEADER |
00626nab a2200169 i 4500 |
| 001 |
delm84208 |
| 005 |
20191017092152.0 |
| 008 |
191017s1998 hu o 0|| hun d |
| 040 |
|
|
|a SZTE Délmagyarország Archívum
|b hun
|
| 041 |
|
|
|a hun
|
| 100 |
1 |
|
|a Panek Sándor
|
| 245 |
1 |
0 |
|a Remekmű a vakolat alatt
|h [elektronikus dokumentum] :
|b látható lesz a teljes Aba-Novák-falfestmény /
|c Panek Sándor
|
| 260 |
|
|
|c 1998-08-31
|
| 300 |
|
|
|a 6
|
| 490 |
0 |
|
|a Délmagyarország
|v 88 No. 203
|
| 695 |
|
|
|a Aba-Novák Judit, Aba-Novák Vilmos, Szeged, Képzőművészet freskó restaurálás Szeged, Hősök Kapuja
|
| 700 |
0 |
2 |
|a Aba-Novák Vilmos
|e aut
|